000 00295nam a2200121Ia 4500
008 210210b2000 xxu||||| |||| 00| 0 eng d
082 _a658.002 CHOK
100 _aCHOPRA (Ravi).
245 _aKey to Mat.
260 _a
_bNot Mentioned
_c2000
690 _aManagement Entrance
906 _a054975
999 _c102906
_d102906